000 00694nam a2200229Ia 4500
003 OSt
005 20220923212043.0
006 a|||||r|||| 00| 0
007 ta
008 220922b |||||||| |||| 00| 0 hin d
024 _a150,335
037 _cTextual
040 _aARTS
_cARTS
_bhin
041 _2hin
_ahin
082 _aB28, 152L31
100 _aयादव, आर के
_9159218
245 0 _aसांख्यिकी विधियां
246 _aSāankhyikī vidhiyāan
260 _aदिल्ली
_b नेशनल पब्लि हाउस
_c1973
942 _hB28, 152L31
_cTEXL
_2CC
999 _c306015
_d306015